000 00634nam a2200169 a 4500
001 000043455
005 20201002040929.0
008 140318s2014 dr 000 0 spa d
020 _a9789945166057
040 _aDO-SdBNP
_bspa
_cBNPHU
100 1 _aRiveros, Natalia
_942979
245 1 0 _aEstado de la cuestión de la población de los bateyes dominicanos en relación a la documentación /
_cNatalia Riveros.
260 _aSanto Domingo :
_bObservatorio Migrantes del Caribe,
_c2014.
300 _a105 p. ;
_c29 cm.
504 _aIncluye referencias bibliográficas y notas al pie de las páginas
504 _aBibliografía : p. 85-94
999 _c42944
_d42944